00898nam a2200265 a 450000100060000000300080000600500170001400800410003103500200007204000270009204100080011908200240012710000360015124500740018725000140026126000380027530000190031350000200033261000310035265000400038365100400042394200120046399900170047595201400049265528BD-RjUL20211209081433.0170308s1951 ii 001 0 eng d a(BD-RjUL) 65658 aDLCcOCldBD-RjULbeng aeng a954.4223bBAR 19511 aBanerjee, Anil Chandra.919081814aThe Rajput States and the East India Company /cAnil Chandra Banerjee a[1st ed.] aCalcutta :bA. Mukherjee, c[1951 a456 p.c23 cm. aIncludes Index.20aEast India Company9170596 aRajasthan (India)xHistory.9193894 0aRajasthan (India)xHistory.9193894 2ddccBK c65528d65528 00102ddc40718NFICaRUCLbRUCLcReadingd1965-12-07eZeitlinger.g35.00l0o954.4 BAR 1951r2017-03-08 00:00:00tC-1w2017-03-08yBK